Dlhodobý nehmotný majetok v účtovníctve podnikateľov bakalárska práca

Na minha lista:
Detalhes bibliográficos
Autor principal: Balogová, Dominika
Autor Corporativo: Podnikovohospodárska fakulta EU so sídlom v Košiciach. Katedra účtovníctva a financií
Outros Autores: Hvastová, Jozefína, 1969-
Formato: Livro
Idioma:eslovaco
Publicado em: Košice 2011
Tags: Adicionar Tag
Sem tags, seja o primeiro a adicionar uma tag!

MARC

LEADER 00000nbm a2200000 4500
001 0139314
005 20161109111615.5
041 0 |a slo 
044 |a SK 
245 1 0 |a Dlhodobý nehmotný majetok v účtovníctve podnikateľov  |b bakalárska práca  |c Dominika Balogová ; školiteľ: Jozefína Hvastová 
264 1 |a Košice  |c 2011 
300 |a 66 s. 
100 1 |a Balogová, Dominika 
700 1 |a Hvastová, Jozefína, 1969- 
710 2 |a Podnikovohospodárska fakulta EU so sídlom v Košiciach. Katedra účtovníctva a financií